| 000 | 01010nam a2200301 c 4500 | ||
|---|---|---|---|
| 003 | BLK | ||
| 005 | 20231204165839.0 | ||
| 008 | 180408b bul|||||r ||||||| ||bul|| | ||
| 010 | _aKNG00084813000 | ||
| 020 |
_a978-954-336-043-7 _bиздат.: Стигмати |
||
| 040 | _aBLK | ||
| 041 |
_aBUL _cBUL |
||
| 080 |
_aБългарска литература _b821.163.2 _x-054.7-94 _z821.163.2-054.7-94 |
||
| 100 | 1 |
_aТроянов, Марин _eпърви автор _9299609 |
|
| 139 |
_aТроянов, Марин _bТ 86 |
||
| 245 | 1 | 0 |
_aБалканска елегия _cМарин Троянов. |
| 257 | _aBGR | ||
| 260 |
_аСофия _bСтигмати _c2008 _fСофия : Артграф |
||
| 300 |
_a532 с. _c21 см |
||
| 380 | _aX | ||
| 500 | _aОфс. изд. | ||
| 852 | _aЦб 234916 | ||
| 856 | 4 |
_qpdf _u |
|
| 856 | 4 |
_qpdf _u |
|
| 942 |
_cKNG _n0 _02 |
||
| 944 |
_aCR _c13.08.2008 _k30530 _lМинев Младен |
||
| 944 |
_aED _c10.02.2018 _kВиолета_Тройчева |
||
| 999 |
_c80328 _d80328 |
||